Vida de nuestro señor Jesucristo : exposición histórica, crítica y apologética /
Tratado de cristología realizado por un sacerdote francés de la Orden de San Sulpicio. Esta vida de Jesucristo es una exposición apologética que tiene sus fuentes en los evangelios, la historia de Palestina donde ocurrió su vida; además de consideraciones históricas de los judíos de la época.
Sábháilte in:
| Príomhchruthaitheoir: | |
|---|---|
| Formáid: | LEABHAR |
| Teanga: | Spáinnis |
| Foilsithe / Cruthaithe: |
Buenos Aires, Argentina :
Poblet,
1943, c1943
|
| Ábhair: | |
| Clibeanna: |
Níl clibeanna ann, Bí ar an gcéad duine le clib a chur leis an taifead seo!
|
MARC
| LEADER | 00000nam^a2200000^a^4500 | ||
|---|---|---|---|
| 001 | 000378515 | ||
| 005 | 20250521000000.0 | ||
| 009 | 20260310120453.692 | ||
| 037 | |a Acervo ITESO - Biblioteca | ||
| 041 | |a ESP | ||
| 082 | |a 232. 9 |b FIL | ||
| 100 | |a Fillion, Louis-Claude |e (autor) | ||
| 245 | 1 | 0 | |a Vida de nuestro señor Jesucristo : |b exposición histórica, crítica y apologética / |c L.C. Fillion ; tr. por Victoriano María de Larráinzar. |
| 264 | 4 | |a Buenos Aires, Argentina : |b Poblet, |c 1943, c1943 | |
| 300 | |a 2 v. (641, 821 p.) | ||
| 336 | |a texto |b txt |2 rdacontenido | ||
| 337 | |a sin mediación |b n |2 rdamedio | ||
| 338 | |a volumen |b nc |2 rdasoporte | ||
| 520 | |a Tratado de cristología realizado por un sacerdote francés de la Orden de San Sulpicio. Esta vida de Jesucristo es una exposición apologética que tiene sus fuentes en los evangelios, la historia de Palestina donde ocurrió su vida; además de consideraciones históricas de los judíos de la época. | ||
| 590 | |a Traducción de la 9a edición en francés | ||
| 649 | |a XX | ||
| 650 | |a Jesucristo - |x Biografías - |x Tema Principal | ||
| 650 | |a Jesucristo - |x Historicidad | ||
| 650 | |a Cristología | ||
| 650 | |a Teología | ||
| 650 | |a Catolicismo | ||
| 650 | |a Cristianismo | ||
| 650 | |a Religión | ||
| 910 | |a Fondo Ignacio Díaz Morales | ||
| 920 | |a Impresos - Libros | ||
| 930 | |a Arquitectos Jaliscienses | ||
| 905 | |a 114 | ||
| 901 | |a 0500272698 |b IT1 |c JAL |i D65979 |u 20250521 | ||
| 901 | |a 0500272700 |b IT1 |c JAL |u 20250521 | ||
| 902 | |a https://opac.biblio.iteso.mx/vufind/Record/000378515 | ||